000
00216nam a22000857a 4500
008
170614b xxu||||| |||| 00| 0 eng d
100
_9
3390
_a
Gusain. V
245
_a
Computer World - VII
260
_a
New Delhi
_b
A. B. D
_c
2009
999
_c
6749
_d
6749